| 000 | 00435nam a2200145Ia 4500 | ||
|---|---|---|---|
| 008 | 220216s9999 xx 000 0 und d | ||
| 100 | _aThankamma L | ||
| 245 | 0 | _aRole of injection wounds on bark rot disease incidence in Hevea brasiliensis | |
| 260 |
_bIndian Journal of Natural Rubber Research _c1988 |
||
| 300 | _a48-50 | ||
| 650 | _aBark rot disease | ||
| 650 | _aHevea brasiliensis | ||
| 650 | _aInjection wounds | ||
| 942 | _cJS | ||
| 999 |
_c67181 _d67181 |
||